000 00991nam a22003015a 4500
003 EG-ScBUE
005 20220428102413.0
008 171123t2007 enka f b 001 0 eng d
020 _a9780199738632
040 _aEG-ScBUE
_beng
_erda
_cEG-ScBUE
_dEG-ScBUE
082 0 4 _222
_a415
_bOXF
245 0 4 _aThe Oxford handbook of cognitive linguistics /
_cedited by Dirk Geeraerts and Hubert Cuyckens.
264 1 _aOxford :
_bOxford University Press,
_c[2007]
264 4 _cc2007
300 _axxx, 1334 pages :
_billustrations ;
_c25 cm
336 _2rdacontent
_atext
_btxt
337 _2rdamedia
_aunmediated
_bn
338 _2rdacarrier
_avolume
_bnc
504 _aIncludes bibliographical references and index.
590 _aSuzan Ashmawy
650 7 _aCognitive grammar.
_2BUEsh
_936982
651 _2BUEsh
653 _bHHUUEENN
_cApril2022
655 _vReading book
_934232
700 1 _aGeeraerts, Dirk,‏
_d1955-
_eeditor.
700 1 _aCuyckens, H.,
_eeditor.
942 _2ddc
_cBB
999 _c25654
_d25626